000 00242nmm a2200085Ia 4500
008 220120s9999||||xx |||||||||||||||||und||
100 _aDigit
245 0 _aDistros, windows phone SDK 7.1, SOS pack
260 _aNine dot nine interactive ltd.
_c2012
999 _c139726
_d139726